• 首页
  • 本馆介绍
  • 公告通知
  • 最新文献
  • 馆藏检索
  • 电子资源
  • 读者导购
  • 参考咨询
  • 我的图书馆
  • 登录
  • 详细信息显示
  • 放入我的书架
  • 预约/预借图书
  • 作者相关作品
  • 分类相关作品
  • 丛书相关作品
  • 出版社相关作品

书目信息

  • 表格格式
  • 工作单格式
  • 卡片格式
题名:
北路梆子音乐研究
    
 
作者: 王泽民 编著
分册:  
出版信息: 北京   中国戏剧出版社  2014.03
页数: 597页
开本: 26cm
丛书名:
单 册:
中图分类: J643.525
科图分类:
主题词: 北路梆子--戏剧音乐--音乐评论 , 北路梆子 , 戏剧音乐 , 音乐评论
电子资源:
ISBN: 978-7-104-04178-8
000 01054nam0 2200289 450
001 0120141271503
005 20140610163558.78
010    @a978-7-104-04178-8@dCNY78.00
100    @a20140410d2014 em y0chiy0110 ea
101 0  @achi
102    @aCN@b110000
105    @ag z 000yy
106    @ar
200 1  @a北路梆子音乐研究@9bei lu bang zi yin yue yan jiu@f王泽民编著
210    @a北京@c中国戏剧出版社@d2014.03
215    @a597页@d26cm
300    @a本书受山西省高等学校哲学社会科学研究项目资助
330    @a本书介绍了北路梆子的乐队、乐器、各种锣鼓经和管弦乐曲牌的运用以及各行角色不同流派的唱腔音乐,并附有唱腔选段,不仅为业余爱好者提供了学习北路梆子音乐的基本知识,同时也为北路梆子戏曲工作者和从事专业研究戏曲的人员提供了较为系统的北路梆子音乐资料。
333    @a音乐研究者
606 0  @a北路梆子@x戏剧音乐@x音乐评论
606 0  @a北路梆子
606 0  @a戏剧音乐
606 0  @a音乐评论
690    @aJ643.525@v5
701  0 @a王泽民@9wang ze min@f(1936-)@4编著
801  0 @aCN@b人天书店@c20140410
905    @b845206-08@dJ643.525@e248@f3
    
    北路梆子音乐研究/王泽民编著.-北京:中国戏剧出版社,2014.03
    597页;26cm
    本书受山西省高等学校哲学社会科学研究项目资助.-使用对象:音乐研究者
    
    ISBN 978-7-104-04178-8:CNY78.00
    本书介绍了北路梆子的乐队、乐器、各种锣鼓经和管弦乐曲牌的运用以及各行角色不同流派的唱腔音乐,并附有唱腔选段,不仅为业余爱好者提供了学习北路梆子音乐的基本知识,同时也为北路梆子戏曲工作者和从事专业研究戏曲的人员提供了较为系统的北路梆子音乐资料。
●
相关链接 在E读中查询图书 在五车中查询图书 在当当中查询图书 在豆瓣中查询图书


正题名:北路梆子音乐研究     索取号:J643.525/248         预约/预借

序号 登录号 条形码 馆藏地/架位号 状态 备注
1 845206   208452066   第一样本阅览室/ [索取号:J643.525/248] 在馆    
2 845207   208452075   第一借阅区/ [索取号:J643.525/248] 在馆    
3 845208   208452084   第一借阅区/ [索取号:J643.525/248] 在馆    
唐山师范学院图书馆 欢迎您!
大连网信软件有限公司© 版权所有